[Event "DVM U16 2016"]
[Site "Neumarkt in der Oberpfalz GER"]
[Date "2016.12.30"]
[Round "7"]
[White "Delere, Adrian"]
[Black "Brunner, Sophia"]
[Result "0-1"]
[Termination "normal"]
[Board "8.2"]
[WhiteElo "1709"]
[BlackElo "1619"]
[WhiteTeam "SC Rochade Emsdetten"]
[BlackTeam "Hagener SV"]
[PlyCount "164"]
[WhiteFideId "12990400"]
[BlackFideId "12960683"]
[EventCountry "GER"]
[EventRounds "7"]
[EventType "team-swiss"]
[EventDate "2016.12.26"]

1. e4 d5 2. exd5 Qxd5 3. Nc3 Qa5 4. d4 Nf6 5. Bc4 c6 6. Bd2 Qb6 7. Nge2 Bg4 8.
f3 Bf5 9. Bb3 e6 10. Bf4 Nbd7 11. Qd2 Be7 12. O-O-O O-O-O 13. Ng3 Bg6 14. Nge4
Nxe4 15. fxe4 Nf6 16. Qe3 Bb4 17. e5 Bxc3 18. Qxc3 Nd5 19. Bxd5 Rxd5 20. Be3
Rhd8 21. Rhf1 Bh5 22. Rd2 Qa6 23. Re1 Qxa2 24. Qa3 Qxa3 25. bxa3 Ra5 26. Kb2 c5
27. c3 cxd4 28. cxd4 Kb8 29. Rc2 Bg6 30. Rc3 Be4 31. g3 Rc8 32. Rec1 Rb5+ 33.
Ka2 Rxc3 34. Rxc3 Rb1 35. Rc1 Rb5 36. Rc3 Bd5+ 37. Ka1 Be4 38. Ka2 Bc6 39. Bc1
Kc7 40. Bb2 Kd7 41. Re3 f6 42. exf6 gxf6 43. Kb1 Rf5 44. Re2 Bf3 45. Re1 Rh5
46. Re3 Bd5 47. h4 Rf5 48. Kc1 Kd6 49. Kd2 Rf2+ 50. Re2 Rf5 51. Bc3 Bc4 52. g4
Rf3 53. Rg2 Rh3 54. h5 Bd5 55. Bb4+ Kd7 56. Rf2 Rf3 57. Ke2 Rxf2+ 58. Kxf2 e5
59. g5 fxg5 60. dxe5 Ke6 61. Bd2 h6 62. Bb4 Kf7 63. Kg3 Bb3 64. Kg4 Bc2 65. Bc5
b6 66. Bb4 Bb3 67. Bd6 Be6+ 68. Kg3 Bb3 69. Kg4 a6 70. Bb4 a5 71. Bd6 b5 72.
Bc5 Bc4 73. Bd6 b4 74. axb4 a4 75. Bc5 Bb5 76. Bd4 Ke6 77. Kf3 Kf5 78. Kg3 Be2
79. e6 Bxh5 80. Bg7 a3 81. Bxh6 Kf6 82. e7 a2  0-1

[Event "DVM U16 2016"]
[Site "Neumarkt in der Oberpfalz GER"]
[Date "2016.12.30"]
[Round "7"]
[White "Scheidt, Mike Niklas"]
[Black "Teschler, Ansgar"]
[Result "1-0"]
[Termination "normal"]
[Board "8.3"]
[WhiteElo "1580"]
[BlackElo "2037"]
[WhiteTeam "Hagener SV"]
[BlackTeam "SC Rochade Emsdetten"]
[PlyCount "49"]
[WhiteFideId "12965235"]
[BlackFideId "16231139"]
[EventCountry "GER"]
[EventRounds "7"]
[EventType "team-swiss"]
[EventDate "2016.12.26"]

1. d4 Nf6 2. Bf4 d5 3. Nf3 e6 4. e3 c5 5. c3 Nc6 6. Nbd2 Be7 7. Bd3 Nh5 8. Be5
f6 9. Bg3 Nxg3 10. hxg3 f5 11. Nh4 Kf7 12. Qh5+ g6 13. Nxg6 hxg6 14. Qxh8 Qxh8
15. Rxh8 Bf6 16. Rh3 cxd4 17. exd4 Bd7 18. Nb3 b6 19. Kd2 e5 20. Re1 exd4 21.
cxd4 Nxd4 22. Rh7+ Bg7 23. Nxd4 Kg8 24. Reh1 Bxd4 25. Rxd7  1-0

[Event "DVM U16 2016"]
[Site "Neumarkt in der Oberpfalz GER"]
[Date "2016.12.30"]
[Round "7"]
[White "Merx, Florian"]
[Black "Kesselmeier, Kevin"]
[Result "1-0"]
[Termination "normal"]
[Board "9.1"]
[WhiteElo "1717"]
[BlackElo "1893"]
[WhiteTeam "SV Empor Erfurt"]
[BlackTeam "SK Blauer Springer Paderborn"]
[PlyCount "80"]
[WhiteFideId "16212304"]
[BlackFideId "16217551"]
[EventCountry "GER"]
[EventRounds "7"]
[EventType "team-swiss"]
[EventDate "2016.12.26"]

1. e4 c5 2. Nf3 d6 3. d4 cxd4 4. Nxd4 Nf6 5. Nc3 a6 6. Be3 e5 7. Nb3 Be7 8. Be2
O-O 9. O-O Nbd7 10. f3 b6 11. Qd2 Bb7 12. Rad1 Qc7 13. Bd3 Rfe8 14. Ne2 d5 15.
exd5 Nxd5 16. Bf2 N7f6 17. c3 Red8 18. Qc2 Rac8 19. Qb1 a5 20. Ng3 Nf4 21. Ne4
Nxd3 22. Nxf6+ Bxf6 23. Rxd3 Ba6 24. Rxd8+ Rxd8 25. Rd1 Rd6 26. Qc2 Qd7 27.
Rxd6 Qxd6 28. Nd2 Bd3 29. Ne4 Bxe4 30. Qxe4 Qd1+ 31. Qe1 Qxe1+ 32. Bxe1 Be7 33.
Bf2 Bc5 34. Bxc5 bxc5 35. Kf2 Kf8 36. Ke3 Ke7 37. f4 f6 38. fxe5 fxe5 39. Ke4
Kd6 40. b3 g6  1-0

[Event "DVM U16 2016"]
[Site "Neumarkt in der Oberpfalz GER"]
[Date "2016.12.30"]
[Round "7"]
[White "Schulz, Theresa Charlotte"]
[Black "Walow, Xenia"]
[Result "1/2-1/2"]
[Termination "normal"]
[Board "9.3"]
[WhiteElo "1595"]
[BlackElo "1627"]
[WhiteTeam "SV Empor Erfurt"]
[BlackTeam "SK Blauer Springer Paderborn"]
[PlyCount "51"]
[WhiteFideId "12952206"]
[BlackFideId "12971839"]
[EventCountry "GER"]
[EventRounds "7"]
[EventType "team-swiss"]
[EventDate "2016.12.26"]

1. d4 d5 2. e3 Nf6 3. Bd3 e6 4. f4 c5 5. c3 Bd6 6. Nf3 O-O 7. O-O b6 8. Ne5 Bb7
9. Bd2 Ne4 10. Be1 Nd7 11. Nd2 f6 12. Nxd7 Qxd7 13. Qc2 f5 14. Qc1 Qf7 15. Nf3
Rac8 16. Ne5 Qe7 17. Qd1 Bxe5 18. fxe5 Qg5 19. Qf3 Rf7 20. Qf4 Rcf8 21. Qxg5
Nxg5 22. Bd2 Ne4 23. Bxe4 fxe4 24. Rxf7 Rxf7 25. Rf1 Ba6 26. Rxf7  1/2-1/2

[Event "DVM U16 2016"]
[Site "Neumarkt in der Oberpfalz GER"]
[Date "2016.12.30"]
[Round "7"]
[White "Müller, Noah"]
[Black "Finke, Daniel"]
[Result "1-0"]
[Termination "normal"]
[Board "9.4"]
[WhiteElo "1583"]
[BlackElo "1560"]
[WhiteTeam "SK Blauer Springer Paderborn"]
[BlackTeam "SV Empor Erfurt"]
[PlyCount "157"]
[WhiteFideId "16217586"]
[BlackFideId "16217675"]
[EventCountry "GER"]
[EventRounds "7"]
[EventType "team-swiss"]
[EventDate "2016.12.26"]

1. c4 e6 2. g3 Nf6 3. Bg2 d5 4. cxd5 exd5 5. Nf3 Be7 6. Nc3 c6 7. d4 O-O 8. O-O
Nbd7 9. Bd2 Nb6 10. b3 Bf5 11. Nh4 Qd7 12. Nxf5 Qxf5 13. Qb1 Qxb1 14. Raxb1 Bb4
15. Rbc1 Rfe8 16. e3 Re7 17. Nb1 Bxd2 18. Nxd2 Rae8 19. Rc2 h6 20. Rfc1 Ne4 21.
Nxe4 dxe4 22. Bh3 Nd5 23. a3 a6 24. Rc5 g6 25. Bg4 f5 26. Be2 h5 27. Bc4 Rd8
28. b4 Kg7 29. Bxd5 Rxd5 30. Rxd5 cxd5 31. Rc5 Rd7 32. a4 Kf6 33. b5 axb5 34.
Rxb5 Kf7 35. a5 Kf6 36. Kf1 Ke6 37. Rb6+ Kf7 38. Ke2 Kg7 39. Kd2 Kf7 40. Kc3
Rc7+ 41. Kb2 Rd7 42. h4 Kg7 43. Kb3 Kf7 44. Rb5 Ke6 45. Kb4 Rc7 46. Rc5 Rd7 47.
Kb5 Kd6 48. Kb6 Rg7 49. Rc8 g5 50. hxg5 Rxg5 51. Rc7 h4 52. gxh4 Rg2 53. Kxb7
Rxf2 54. a6 f4 55. a7 Rb2+ 56. Kc8 Ra2 57. exf4 e3 58. Kb8 e2 59. Rc1 Rb2+ 60.
Kc8 Ra2 61. Kb8 Rb2+ 62. Ka8 Rc2 63. Rb1 Rb2 64. Rg1 Ke6 65. h5 Kf5 66. h6 Rb6
67. h7 Rh6 68. Re1 Rxh7 69. Rxe2 Rh8+ 70. Kb7 Rh7+ 71. Ka6 Rh6+ 72. Kb5 Rh8 73.
Ra2 Ra8 74. Kb6 Kxf4 75. Kb7 Rxa7+ 76. Rxa7 Ke4 77. Ra4 Kd3 78. Kc6 Ke4 79. Kc5
1-0

[Event "DVM U16 2016"]
[Site "Neumarkt in der Oberpfalz GER"]
[Date "2016.12.30"]
[Round "7"]
[White "Mühlpfordt, Thomas"]
[Black "Grieb, Lukas"]
[Result "1-0"]
[Termination "normal"]
[Board "10.1"]
[WhiteElo "1828"]
[BlackElo "1810"]
[WhiteTeam "SC 1997 Lambsheim"]
[BlackTeam "SK Gau-Algesheim"]
[PlyCount "67"]
[WhiteFideId "12986623"]
[BlackFideId "1271993"]
[EventCountry "GER"]
[EventRounds "7"]
[EventType "team-swiss"]
[EventDate "2016.12.26"]

1. e4 c5 2. Nf3 Nc6 3. d4 cxd4 4. Nxd4 Qb6 5. Nb3 Nf6 6. Nc3 a6 7. Be3 Qc7 8.
Be2 g6 9. f4 d6 10. O-O Bg7 11. Bf3 O-O 12. Nd5 Nxd5 13. exd5 Na5 14. Nxa5 Qxa5
15. Bd4 Bf5 16. Bxg7 Kxg7 17. Qd4+ Kg8 18. Rfe1 Rfe8 19. Be4 e5 20. dxe6 Rxe6
21. b4 Qc7 22. Bxf5 gxf5 23. Rxe6 fxe6 24. Re1 Re8 25. Re3 e5 26. fxe5 dxe5 27.
Rg3+ Kh8 28. Qd2 f4 29. Rg4 Rd8 30. Qe2 Qb6+ 31. Kf1 Qf6 32. Qf3 h5 33. Rg3 e4
34. Qxh5+  1-0

[Event "DVM U16 2016"]
[Site "Neumarkt in der Oberpfalz GER"]
[Date "2016.12.30"]
[Round "7"]
[White "Erlekam, Simon"]
[Black "Wacker, Andreas"]
[Result "1/2-1/2"]
[Termination "normal"]
[Board "10.2"]
[WhiteElo "1843"]
[BlackElo "1646"]
[WhiteTeam "SK Gau-Algesheim"]
[BlackTeam "SC 1997 Lambsheim"]
[PlyCount "93"]
[WhiteFideId "12921416"]
[BlackFideId "12953083"]
[EventCountry "GER"]
[EventRounds "7"]
[EventType "team-swiss"]
[EventDate "2016.12.26"]

1. e4 c6 2. d4 d5 3. e5 Bf5 4. f4 h5 5. Be2 e6 6. Nf3 Be7 7. Nbd2 Bg4 8. Nf1 c5
9. c3 Nc6 10. Be3 Qb6 11. b3 cxd4 12. Nxd4 Bxe2 13. Qxe2 Nxd4 14. Bxd4 Bc5 15.
Rd1 Ne7 16. Ne3 Bxd4 17. cxd4 Nc6 18. Qd2 Qb4 19. f5 Qxd2+ 20. Rxd2 Ke7 21. Rf1
g6 22. fxg6 fxg6 23. Rf6 Rhg8 24. Nc2 Raf8 25. Rdf2 Nb8 26. Rxf8 Rxf8 27. Rxf8
Kxf8 28. a4 b6 29. Kd2 Nc6 30. Kc3 a5 31. Na3 Ke7 32. Nb5 Kd7 33. Nd6 Nb4 34.
h4 Nc6 35. Kd3 Nb4+ 36. Kd2 Nc6 37. Ke3 Kd8 38. g3 Kd7 39. Nb5 Ke7 40. Kf4 Kf7
41. Kg5 Kg7 42. Kf4 Kf7 43. g4 hxg4 44. Kxg4 Ne7 45. Kf4 Nf5 46. Nd6+ Kg7 47.
Nxf5+  1/2-1/2

[Event "DVM U16 2016"]
[Site "Neumarkt in der Oberpfalz GER"]
[Date "2016.12.30"]
[Round "7"]
[White "Dalchow, Jonas"]
[Black "Breitenbach, Justin"]
[Result "0-1"]
[Termination "normal"]
[Board "10.3"]
[WhiteElo "1785"]
[BlackElo "1453"]
[WhiteTeam "SC 1997 Lambsheim"]
[BlackTeam "SK Gau-Algesheim"]
[PlyCount "78"]
[WhiteFideId "12971251"]
[BlackFideId "12971383"]
[EventCountry "GER"]
[EventRounds "7"]
[EventType "team-swiss"]
[EventDate "2016.12.26"]

1. e4 e5 2. Nf3 Nc6 3. Bc4 Bc5 4. c3 Nf6 5. d4 exd4 6. cxd4 Bb4+ 7. Nc3 O-O 8.
e5 Ne4 9. O-O Nxc3 10. bxc3 Be7 11. d5 Na5 12. Bd3 d6 13. h3 dxe5 14. Nxe5 Bd6
15. Re1 Qf6 16. Qh5 g6 17. Qg5 Qxg5 18. Bxg5 Bxe5 19. Rxe5 f6 20. Bxf6 Rxf6 21.
Re8+ Rf8 22. Re7 Bf5 23. Bxf5 Rxf5 24. Rxc7 Rxd5 25. Re1 Nc6 26. Rxb7 Rd2 27.
Re6 Rc8 28. Rf6 Nd8 29. Rxa7 Rxc3 30. Rb6 Rcd3 31. Rb8 Rd7 32. Raa8 Kf8 33. Kh2
Ke8 34. f3 Rc2 35. Ra4 Rdd2 36. Kh1 Rxa2 37. Rg4 Rd1+ 38. Kh2 Rd3 39. h4 Rad2
0-1

[Event "DVM U16 2016"]
[Site "Neumarkt in der Oberpfalz GER"]
[Date "2016.12.30"]
[Round "7"]
[White "Jilge, Sebastian"]
[Black "Dalchow, Mario"]
[Result "1/2-1/2"]
[Termination "normal"]
[Board "10.4"]
[WhiteElo "1395"]
[BlackElo "1471"]
[WhiteTeam "SK Gau-Algesheim"]
[BlackTeam "SC 1997 Lambsheim"]
[PlyCount "77"]
[WhiteFideId "16208048"]
[BlackFideId "12971421"]
[EventCountry "GER"]
[EventRounds "7"]
[EventType "team-swiss"]
[EventDate "2016.12.26"]

1. e4 c6 2. d4 d5 3. Nc3 dxe4 4. Nxe4 Bf5 5. Ng3 Bg6 6. Nf3 Nf6 7. Bd3 Nbd7 8.
O-O e6 9. Bg5 Be7 10. Re1 Bxd3 11. Qxd3 h6 12. Bd2 O-O 13. c4 b6 14. Bc3 Nb8
15. Rad1 Na6 16. Ne5 Qc7 17. Ne4 Rfd8 18. Qf3 Rac8 19. Qe3 Nxe4 20. Qxe4 Bf6
21. Qe3 Bxe5 22. Qxe5 Qxe5 23. Rxe5 c5 24. d5 Rd7 25. Rde1 Nc7 26. dxe6 Nxe6
27. Rd5 Rcd8 28. Red1 Rxd5 29. Rxd5 Rxd5 30. cxd5 Nf4 31. d6 f6 32. Bd2 Ne6 33.
f4 f5 34. g3 Kf7 35. Bc3 Nd4 36. Kf2 Ke6 37. Ke3 Kxd6 38. Bxd4 cxd4+ 39. Kxd4
1/2-1/2